00594nam a2200193 a 4500001001000000003000900010005001700019007000300036008004100039020001800080040002500098082001400123100002400137245005700161260006100218300002700279500005200306500004200358000047133DO-SdBNP20230417095850.0ta180417s2016 xxug 000 0 spa d a9790580290342 aDO-SdBNPbspacBNPHU 4bS285L2221 aScarfullery, Rafael10aLove suite :bfor solo guitar /cRafael Scarfullery. aEstados Unidos de América :bScarfullery Music,c2016. a30 p. :bil. ;c28 cm. aIncludes music & guitar tabs in separate sheets aIncluye datos biográficos del autor